000 00312nam a2200109Ia 4500
008 230907s9999||||xx |||||||||||||| ||und||
082 _a5.756
_bNIE
100 _aNiemiec, Richard J.,
_9116106
245 0 _aOracle database 12c release 2 performance tuning tips and techniques /
300 _a1085 p.
942 _cBK
999 _c601068
_d601068